[Event "Dragons-Fermi"]
[Site "?"]
[Date "2001.10.17"]
[Round "?"]
[White "Tegel, Frank"]
[Black "Gaines, Irwin"]
[Result "1-0"]
[WhiteElo "2074"]
[BlackElo "1735"]
[PlyCount "137"]
[EventDate "2001.??.??"]

1. Nf3 Nf6 2. g3 g6 3. Bg2 Bg7 4. c4 O-O 5. Nc3 d6 6. d4 c5 7. O-O Nc6 8. d5
Na5 9. Nd2 e6 10. e4 exd5 11. exd5 Ng4 12. Qc2 Bf5 13. Nce4 Re8 14. h3 Nf6 15.
Nxf6+ Qxf6 16. Qa4 b6 17. Nf3 Bd3 18. Bg5 Qxb2 19. Rae1 Rxe1 20. Rxe1 Be2 21.
Nd2 Qe5 22. Bf4 Qe8 23. Qxe8+ Rxe8 24. Bf1 Bc3 25. Rxe2 Rxe2 26. Bxe2 f5 27.
Nb1 Be5 28. Bd2 Nb7 29. Bc3 Kf7 30. Kg2 Kf6 31. Kf3 g5 32. Bd3 h5 33. Ke3 f4+
34. gxf4 gxf4+ 35. Ke4 Nd8 36. Be2 Nf7 37. h4 Kg6 38. Bf1 a6 39. a4 Kf6 40. Bh3
Nh6 41. f3 Nf7 42. Bc8 a5 43. Bd2 Bd4 44. Bxf4 Bf2 45. Be6 Bxh4 46. Bxf7 Kxf7
47. Bxd6 Bd8 48. Kf5 h4 49. Kg4 Ke8 50. Nc3 Kd7 51. Be5 Be7 52. Nb5 Bd8 53. f4
Ke8 54. f5 Kf8 55. Nc7 Kf7 56. d6 Kf8 57. Ne6+ Ke8 58. f6 b5 59. cxb5 c4 60.
Nxd8 h3 61. Kxh3 c3 62. Bxc3 Kf8 63. d7 Kg8 64. Kg4 Kf8 65. Kf5 Kg8 66. Bxa5
Kf8 67. Kg6 Kg8 68. f7+ Kf8 69. Bb4# 1-0

[Event "Dragons-Fermi"]
[Site "?"]
[Date "2001.10.17"]
[Round "?"]
[White "Eustace, D."]
[Black "Ailes, T."]
[Result "1-0"]
[WhiteElo "1550"]
[BlackElo "1521"]
[PlyCount "35"]
[EventDate "2001.??.??"]

1. e4 c5 2. Nf3 d6 3. d4 cxd4 4. Nxd4 Nf6 5. Nc3 g6 6. f3 Bg7 7. Be3 O-O 8. Bc4
Nc6 9. Qd2 Bd7 10. O-O-O Re8 11. Bh6 Bh8 12. Nxc6 bxc6 13. f4 Qb6 14. Bb3 a5
15. f5 Reb8 16. fxg6 hxg6 17. Qg5 a4 18. Qxg6+ 1-0

[Event "Excaliburs-Northrop"]
[Site "?"]
[Date "2001.10.25"]
[Round "?"]
[White "Inumerable, Florin"]
[Black "Walker, Arnie"]
[Result "1-0"]
[WhiteElo "2270"]
[BlackElo "1767"]
[PlyCount "69"]
[EventDate "2001.??.??"]

1. d4 Nf6 2. Nf3 e6 3. Bg5 Be7 4. e3 Ne4 5. Bf4 b6 6. Bd3 Bb7 7. Nbd2 f5 8. Ne5
Bf6 9. Bxe4 fxe4 10. Qh5+ g6 11. Qh3 Bg7 12. Bh6 Qe7 13. O-O-O Nc6 14. Ng4 d5
15. f3 exf3 16. Nxf3 Bxh6 17. Qxh6 O-O-O 18. h4 Qf8 19. Qxf8 Rdxf8 20. Rdf1 Rf5
21. Nh6 Rff8 22. Ng5 Nd8 23. Rf3 Rxf3 24. gxf3 Kd7 25. h5 gxh5 26. Rxh5 Rf8 27.
f4 c5 28. Nxh7 Rh8 29. Nf6+ Kc7 30. c3 Rf8 31. Nhg4 Kd6 32. Rh7 Rf7 33. Rh8 Ke7
34. Re8+ Kd6 35. Rxd8+ 1-0

[Event "Northrop-Excaliburs"]
[Site "?"]
[Date "2001.10.25"]
[Round "?"]
[White "Vigants, Al"]
[Black "Friske, Tom"]
[Result "1-0"]
[WhiteElo "1590"]
[BlackElo "1994"]
[PlyCount "102"]
[EventDate "2001.??.??"]

1. d4 Nf6 2. e3 d5 3. Bd3 c5 4. c3 Nc6 5. Nd2 e5 6. Bb5 Bd6 7. dxe5 Bxe5 8. f4
Bc7 9. Ngf3 O-O 10. O-O Qd6 11. Re1 Ne7 12. Bd3 Bf5 13. Nf1 Ne4 14. Qc2 c4 15.
Be2 Bb6 16. Nd4 Bxd4 17. exd4 Ng6 18. g3 Nxg3 19. Qd1 Nxe2+ 20. Qxe2 Rfe8 21.
Qf2 Rxe1 22. Qxe1 Nxf4 23. Bxf4 Qxf4 24. Ng3 Be4 25. Qe2 Qf3 26. Qxf3 Bxf3 27.
Re1 Kf8 28. Kf2 Bg4 29. Nf1 Re8 30. Ne3 Be6 31. Rg1 f5 32. h4 Kf7 33. Kf3 g6
34. Kf4 Kf6 35. Kf3 h6 36. Kf4 Bf7 ({Black actually blundered away with} 36...
g5+ $4 {but saved BLACK RESIGNS until the 36- Bf7 game was finished....}) 37.
Kf3 g5 38. hxg5+ hxg5 39. Rh1 Kg6 40. Kf2 g4 41. Ng2 Kg5 42. Rh7 Re7 43. Ne3
Kf6 44. Rh6+ Kg5 45. Rh7 f4 46. Nxd5 Rd7 47. Rg7+ Kf5 48. Nb4 g3+ 49. Kg2 Be6
50. Rxd7 Bxd7 51. Nd5 Bc6 1-0

[Event "Excaliburs-Northrop"]
[Site "?"]
[Date "2001.10.25"]
[Round "?"]
[White "Sollano, Ely"]
[Black "Burian, Dave"]
[Result "1-0"]
[WhiteElo "2005"]
[BlackElo "1593"]
[PlyCount "57"]
[EventDate "2001.??.??"]

1. Nf3 Nc6 2. c4 e5 3. Nc3 Nf6 4. g3 Bc5 5. Bg2 O-O 6. O-O d5 7. cxd5 Nxd5 8.
Nxd5 Qxd5 9. d3 Bg4 10. Ng5 Qd7 11. Bd2 Rad8 12. Ne4 Bb6 13. Re1 f5 14. Nc3 h6
15. Qb3+ Kh8 16. Rad1 e4 17. Be3 Bxe3 18. fxe3 exd3 19. Rxd3 Qe7 20. Nd5 Qc5
21. Nf4 Ne5 22. Rc3 Qd6 23. Rc2 b6 24. h3 Bxh3 25. Nxh3 Ng4 26. Nf4 Rde8 27.
Rc3 g5 28. Rd3 Qe5 29. Ng6+ 1-0

[Event "Northrop-Excaliburs"]
[Site "?"]
[Date "2001.10.25"]
[Round "?"]
[White "Gothier, Sean"]
[Black "Sullivan, Jim"]
[Result "1/2-1/2"]
[WhiteElo "1404"]
[BlackElo "1811"]
[PlyCount "92"]
[EventDate "2001.??.??"]

1. e4 c5 2. Nf3 Nc6 3. d4 cxd4 4. Nxd4 d6 5. Bb5 Bd7 6. Nc3 a6 7. Be2 Nf6 8.
Bg5 Qb6 9. Nxc6 Bxc6 10. Bxf6 {  Black center Pawns become the fight.} 10...
exf6 $2 {leaving a glaring Pawn weakness} (10... gxf6 11. b3 $2 11... Bg7 {
with idea f5, hitting loose Knight which is also pinned. A subsequent Qb4 will
win something.}) 11. b3 { The Russian trainer Mark Dvoretsky advises that when
your opponent trades Bishop for Knight, you must make him pay by making your
extra Bishop a constant worry. Black can exercise this adage by getting his
f8-Bishop to White's dark Queenside squares!} 11... Be7 (11... O-O-O {
with idea of d5 and Bb4 (or Bc5, Bd4, Qb4)} 12. Nd5 Qa5+ 13. Qd2 Qa3) (11... d5
$5 {sacs a Pawn to open board for all Black's pieces} 12. Nxd5 Qd8 (12... Qa5+
13. Qd2 13... Qa3 $2 14. Nc7+)) 12. Nd5 Bxd5 13. Qxd5 O-O 14. O-O { } 14...
Rac8 15. Rac1 Rc5 16. Qd4 { Black should have two goals: get rid of d6-Pawn
and get his Bishop to c3 or a3.} 16... Qc7 (16... Rd8 {with idea d5} 17. c4 {
puts one more Pawn on color of his Bishop}) (16... Qc6 $1 {
with idea of d5 or f5, Rc3, Ba5, etc}) 17. Bd3 17... Rc3 $2 18. Rfd1 Rc8 19.
Bc4 { } 19... Qa5 20. a3 20... Qe5 {
With Queens off, a win for either side is doubtful.} (20... b5 $2 21. b4) 21.
a4 g6 22. f4 { } 22... Qxd4+ (22... Qa5 $4 23. b4 $1 23... Qxb4 { } 24. Bxf7+ {
and wins Queen next}) 23. Rxd4 Rc5 24. Kf2 b5 25. axb5 axb5 26. Rd3 Rxd3 27.
Bxd3 b4 28. g4 { } 28... h6 (28... f5 {is possible, the opposite Bishops are
only useful for the attacker. Black is the one with any hope of attack with
idea of Bf6.} 29. g5 {to stop Bf6} 29... Bf8 {with idea Bg7} 30. Ra1 30... Rc8
{but, still, looks like a draw coming} (30... Bg7 $2 31. Ra8+)) 29. Ra1 d5 30.
Ra4 dxe4 31. Bxe4 31... Rc7 {assuring White can't attack f7} 32. f5 Kg7 33. Ke2
Rd7 34. Bd3 34... Bd6 { } 35. Kf3 Re7 36. Be4 Re5 37. Ra6 Bc5 38. Ra5 { } 38...
Bd4 {Of course, Black assures the outside Pawns stay put!!} 39. Rxe5 fxe5 40.
Ke2 Kf6 41. Kd3 Bc3 42. h4 Be1 43. Kc4 { } 43... Bc3 44. Kd3 h5 45. fxg6 fxg6
46. g5+ 46... Kg7 {Black, a 400+-point underdog, got a nicely-played draw.  A
good example that a draw can be as satisfying as the full point!} 1/2-1/2

[Event "Northrop-Excaliburs"]
[Site "?"]
[Date "2001.10.25"]
[Round "?"]
[White "Elek, Gabor"]
[Black "Weitz, Ron"]
[Result "0-1"]
[WhiteElo "1082"]
[BlackElo "1616"]
[PlyCount "61"]
[EventDate "2001.??.??"]

1. e4 c5 2. Nf3 d6 3. d4 cxd4 4. Nxd4 Nf6 5. Nc3 Nc6 6. Nxc6 bxc6 7. Be3 g6 8.
Qd3 Be6 9. g3 Bg7 10. Bg2 O-O 11. e5 Bf5 12. Qd2 Ng4 13. exd6 exd6 14. O-O Rb8
15. Rab1 Nxe3 16. Qxe3 Bxc2 17. Ra1 d5 18. Qxa7 Rxb2 19. Nd1 Bd3 20. Nxb2 Bxf1
21. Bxf1 Bxb2 22. Rb1 Bg7 23. Qc5 Qa8 24. a3 Rc8 25. Rb6 Bf8 26. Qc2 c5 27. Ra6
Qb8 28. Bg2 Rd8 29. a4 c4 30. Rc6 Qb7 31. Rc5 0-1

[Event "Excaliburs"]
[Site "?"]
[Date "2001.10.25"]
[Round "?"]
[White "Brotsos, Jim"]
[Black "Oelhafen, Art"]
[Result "1-0"]
[WhiteElo "1515"]
[BlackElo "1248"]
[PlyCount "57"]
[EventDate "2001.??.??"]

1. e4 e5 2. Nf3 Nc6 3. Bb5 Nge7 4. c3 a6 5. Ba4 b5 6. Bc2 d5 7. O-O Bg4 8. h3
Bxf3 9. Qxf3 dxe4 10. Qxe4 f5 11. Qe2 e4 12. d3 b4 13. dxe4 bxc3 14. Nxc3 Nd4
15. Qd3 Qd6 16. Be3 c5 17. Rad1 Rd8 18. Ba4+ Nec6 19. exf5 Ke7 20. Bg5+ Kf7 21.
Bxd8 Qxd8 22. Bxc6 Nxc6 23. Qc4+ Kf6 24. Qe6+ Kg5 25. f4+ Kh5 26. Rxd8 Nxd8 27.
Qe1 Be7 28. Qxe7 h6 29. g4# 1-0

[Event "Kemper-Northrop"]
[Site "?"]
[Date "2001.09.20"]
[Round "?"]
[White "Olsen, Art"]
[Black "Vigants, Al"]
[Result "0-1"]
[WhiteElo "1594"]
[BlackElo "1590"]
[PlyCount "104"]
[EventDate "2001.??.??"]

1. e4 c5 2. Nf3 d6 3. c3 Nf6 4. d3 g6 5. Bg5 Bg7 6. Be2 Nc6 7. Nbd2 O-O 8. O-O
Bd7 9. d4 cxd4 10. cxd4 Rc8 11. Rc1 Qb6 12. d5 Nd4 13. Be3 Rxc1 14. Bxd4 Rxd1
15. Bxb6 Rxf1+ 16. Kxf1 axb6 17. b3 Rc8 18. Nc4 Nxe4 19. a4 Nc3 20. Nxb6 Rc7
21. Bc4 Bf5 22. a5 Be4 23. Nd2 Bf5 24. Na8 Rc8 25. Nb6 Rd8 26. b4 Bd4 27. Na4
Nxa4 28. b5 Ra8 29. a6 Nc5 30. Nf3 Bc3 31. axb7 Nxb7 32. Ke2 Nc5 33. Nh4 Bb1
34. g3 Ba2 35. Bxa2 Rxa2+ 36. Ke3 Ra3 37. Ng2 Be5+ 38. Kd2 Rd3+ 39. Kc2 Rxd5
40. Ne3 Rd4 41. Kc3 Ne4+ 42. Kb3 Nxf2 43. b6 Rd3+ 44. Kc4 Rxe3 45. b7 d5+ 46.
Kxd5 Bb8 47. Kc6 Rc3+ 48. Kd7 Rc7+ 49. Kd8 e5 50. h4 e4 51. g4 e3 52. h5 e2 0-1

[Event "Northrop-Kemper"]
[Site "?"]
[Date "2001.09.20"]
[Round "?"]
[White "Burian, Dave"]
[Black "Cummuta, Phil"]
[Result "1-0"]
[WhiteElo "1593"]
[BlackElo "1503"]
[PlyCount "77"]
[EventDate "2001.??.??"]

1. e4 c5 2. Nf3 Nc6 3. d4 cxd4 4. Nxd4 e6 5. Nc3 Bb4 6. Nxc6 bxc6 7. Qd4 Bxc3+
8. Qxc3 Qf6 9. e5 Qg6 10. Be3 Ne7 11. O-O-O Nd5 12. Qa3 Nxe3 13. Qxe3 Qh6 14.
Qxh6 gxh6 15. b3 Bb7 16. Bc4 c5 17. Rhf1 Bc6 18. Rd3 Ke7 19. Rc3 a6 20. Bd3 Bd5
21. Rxc5 a5 22. a3 Bc6 23. Rd1 h5 24. Bb5 Bxb5 25. Rxb5 Rhb8 26. Rxb8 Rxb8 27.
Rd4 Rb5 28. f4 Rd5 29. Rxd5 exd5 30. Kd2 d6 31. exd6+ Kxd6 32. b4 a4 33. Kd3 f6
34. c4 dxc4+ 35. Kxc4 Kc6 36. b5+ Kb6 37. Kb4 f5 38. Kxa4 h6 39. Kb4 1-0

[Event "Kemper-Northrop"]
[Site "?"]
[Date "2001.09.20"]
[Round "?"]
[White "Subeck, Jeff"]
[Black "Gothier, Sean"]
[Result "1-0"]
[WhiteElo "1364"]
[BlackElo "1404"]
[PlyCount "121"]
[EventDate "2001.??.??"]

1. e4 c5 2. Nf3 d6 3. Bb5+ Bd7 4. Bxd7+ Nxd7 5. O-O Ngf6 6. d3 g6 7. b3 Bg7 8.
Bb2 O-O 9. Nbd2 Qc7 10. Qe2 e5 11. c3 Rfe8 12. d4 cxd4 13. cxd4 exd4 14. Nxd4
d5 15. f3 a6 16. Rac1 Qd6 17. Rc3 dxe4 18. fxe4 Qxd4+ 19. Qe3 Qxe3+ 20. Rxe3
Nd5 21. Rd3 Bxb2 22. Rxd5 Rad8 23. Nc4 Nf6 24. Rxd8 Rxd8 25. Nxb2 Nxe4 26. Re1
Nd6 27. Rd1 b5 28. b4 Nb7 29. Rxd8+ Nxd8 30. Nd3 Nc6 31. a3 a5 32. Kf2 a4 33.
Ke3 f5 34. Kf4 Nd4 35. Ne1 Kf7 36. Ke5 Nc6+ 37. Kd6 Nxb4 38. axb4 a3 39. Nc2 a2
40. Kc5 Ke6 41. Kxb5 Kd5 42. Ka4 f4 43. Ka3 g5 44. Kxa2 g4 45. Ne1 Kc4 46. Ka3
Kb5 47. Kb3 h5 48. Ka3 h4 49. Kb3 h3 50. gxh3 gxh3 51. Nf3 Kb6 52. Kc4 Kc6 53.
Ng5 Kd6 54. Nxh3 f3 55. Nf2 Ke5 56. Nd3+ Kd6 57. b5 Kc7 58. Kc5 Kb7 59. b6 Kb8
60. Kc6 Ka8 61. h4 1-0

[Event "Kemper-Excaliburs"]
[Site "?"]
[Date "2001.11.08"]
[Round "?"]
[White "Siwek, Mark"]
[Black "Inumerable, Florin"]
[Result "0-1"]
[WhiteElo "2004"]
[BlackElo "2270"]
[PlyCount "92"]
[EventDate "2001.??.??"]

1. e4 g6 2. d4 Bg7 3. Nf3 c5 4. Nc3 Nc6 5. Be3 cxd4 6. Nxd4 d6 7. Be2 Nf6 8.
O-O O-O 9. f3 a6 10. Qd2 Bd7 11. Nb3 Rc8 12. Na4 Ne5 13. Nb6 Rc6 14. Nxd7 Qxd7
15. Na5 Rcc8 16. c3 Qc7 17. Nb3 Nc4 18. Bxc4 Qxc4 19. Qd4 Qb5 20. Qb6 Qd7 21.
Na5 Rc7 22. Rfd1 Qc8 23. a4 Nd7 24. Qb4 Nc5 25. Bxc5 dxc5 26. Qb6 Rd8 27. Kf2
Rcd7 28. Ke2 Bh6 29. Nc4 Rxd1 30. Rxd1 Rxd1 31. Kxd1 Qd7+ 32. Ke2 Qxa4 33. Ne3
Qb5+ 34. Qxb5 axb5 35. Nd5 Kf8 36. Nc7 Bf4 37. Nxb5 Bxh2 38. Kd3 Ke8 39. Kc4 b6
40. Nc7+ Bxc7 41. b4 cxb4 42. cxb4 Kd7 43. Kd5 e6+ 44. Kd4 f5 45. b5 h5 46.
exf5 gxf5 0-1

[Event "Excaliburs-Kemper"]
[Site "?"]
[Date "2001.11.08"]
[Round "?"]
[White "Friske, Tom"]
[Black "Leong, Gee"]
[Result "1-0"]
[WhiteElo "1994"]
[BlackElo "2006"]
[PlyCount "85"]
[EventDate "2001.??.??"]

1. d4 Nf6 2. c4 g6 3. Nc3 c5 4. d5 d6 5. e4 Bg7 6. Nge2 O-O 7. Ng3 Bd7 8. h4
Na6 9. Be2 Nc7 10. Be3 a6 11. a4 Rb8 12. Qc2 b5 13. O-O Qe8 14. axb5 axb5 15.
Ra7 Qc8 16. Rfa1 e6 17. e5 dxe5 18. Bxc5 b4 19. Nce4 Nxe4 20. Nxe4 exd5 21.
Bxf8 b3 22. Qd2 Bxf8 23. cxd5 Bf5 24. Nc3 Ne8 25. Bb5 Nd6 26. Bc6 Qd8 27. g3 e4
28. Ra8 Rxa8 29. Rxa8 Qf6 30. Qh6 Qg7 31. Qxg7+ Kxg7 32. Rb8 Nc4 33. Rxb3 e3
34. fxe3 Nxe3 35. Rb5 Bd3 36. Rb7 Bc5 37. Kh1 Bf1 38. Be8 Bg2+ 39. Kh2 Kh6 40.
Bxf7 Kh5 41. Nd1 Bxd5 42. Bxd5 Nxd1 43. Bf3+ 1-0

[Event "Kemper-Excaliburs"]
[Site "?"]
[Date "2001.11.08"]
[Round "?"]
[White "Hughes, Norm"]
[Black "Sollano, Ely"]
[Result "0-1"]
[WhiteElo "1763"]
[BlackElo "2005"]
[PlyCount "124"]
[EventDate "2001.??.??"]

1. d4 Nf6 2. c4 g6 3. g3 Bg7 4. Bg2 c6 5. Nf3 O-O 6. O-O d6 7. Nc3 Nbd7 8. b3
Rb8 9. Bb2 a6 10. Re1 Re8 11. e4 Nh5 12. Qc2 b5 13. cxb5 axb5 14. a3 Qb6 15.
Na2 Bb7 16. Rad1 Qa7 17. Nb4 Rec8 18. Qd2 Rd8 19. d5 Bxb2 20. Qxb2 c5 21. Nc2
Nb6 22. Ne3 Ra8 23. Ng4 f6 24. Ra1 Bc8 25. Ne3 Ng7 26. Bf1 Bd7 27. Rec1 Rab8
28. Qe2 Qb7 29. Rab1 Ra8 30. Ra1 Ra7 31. Rc2 Rda8 32. Rca2 Qc8 33. Nh4 Qd8 34.
Qd3 c4 35. bxc4 bxc4 36. Qd4 Na4 37. Nxc4 Qb8 38. Nf3 Rb7 39. Nfd2 Nc5 40. Rb2
Ra4 41. Rab1 Rxb2 42. Rxb2 Qc7 43. Rb4 Ra8 44. Qb2 Be8 45. Nb6 Rd8 46. Qb1 Nh5
47. Be2 g5 48. Bg4 Ng7 49. Be2 h5 50. Bb5 Bg6 51. Nbc4 e6 52. Ne3 e5 53. a4 Rb8
54. Be2 Ra8 55. Bb5 Kh7 56. Rc4 Rb8 57. Qc2 Qf7 58. Bc6 f5 59. Nb1 fxe4 60. a5
Nd3 61. Nc3 Rb2 62. Nxe4 Bxe4 0-1

[Event "Kemper-Excaliburs"]
[Site "?"]
[Date "2001.11.08"]
[Round "?"]
[White "Olsen, Art"]
[Black "Kogan, Greg"]
[Result "1/2-1/2"]
[WhiteElo "1594"]
[BlackElo "1809"]
[PlyCount "108"]
[EventDate "2001.??.??"]

1. e4 c5 2. Bc4 e6 3. Ne2 Nc6 4. Nbc3 a6 5. a3 Nf6 6. d3 Be7 7. O-O O-O 8. Re1
b5 9. Ba2 Bb7 10. Ng3 d6 11. f4 Rc8 12. Bd2 Qc7 13. Nce2 Rfe8 14. Rb1 Red8 15.
Rf1 Ng4 16. Nc1 Nf6 17. Nce2 Rf8 18. f5 exf5 19. Nxf5 Rce8 20. Nf4 Ne5 21. Qe1
Kh8 22. Qg3 Rg8 23. Nh3 c4 24. Ng5 Bf8 25. Qh4 Ng6 26. Qh3 Bc8 27. Bc3 Ne5 28.
Qh4 Ng6 29. Qh3 Ne5 30. Bxe5 dxe5 31. Qh4 h6 32. Nxh6 gxh6 33. Rxf6 Rxg5 34.
Rxh6+ Bxh6 35. Qxh6+ Kg8 36. Qxg5+ Kf8 37. Rf1 Re6 38. dxc4 bxc4 39. Rd1 Re8
40. Rf1 Re6 41. Rd1 Re8 42. Qh6+ Kg8 43. b3 c3 44. b4 Qa7+ 45. Kh1 (45. Kf1 a5
46. b5 (46. Qg6+ Kf8 (46... Kh8 $4 47. Bxf7 Ba6+ 48. Rd3 Bxd3+ 49. cxd3 Qxf7+
50. Qxf7 Rc8 51. Qf6+ Kh7 52. Qf5+))) 45... Qf2 46. Bc4 Qxc2 47. Rf1 (47. Qg6+
Kh8 48. Bxf7 {with idea of Qh6#} 48... Qxd1#) 47... Be6 48. Qg5+ Kf8 49. Bxe6
Rxe6 50. Qf5 Re7 51. Qf6 Ke8 52. Qc6+ Rd7 53. Qc8+ Rd8 54. Qc6+ Rd7 1/2-1/2

[Event "Excaliburs-Kemper"]
[Site "?"]
[Date "2001.11.08"]
[Round "?"]
[White "Sullivan, Jim"]
[Black "Mossbridge, Adam"]
[Result "0-1"]
[WhiteElo "1811"]
[BlackElo "1656"]
[PlyCount "78"]
[EventDate "2001.??.??"]

1. d4 d5 2. c4 c6 3. e3 Nf6 4. Nc3 Bf5 5. Nf3 e6 6. Qb3 Qc7 7. Be2 Nbd7 8. Nh4
Bg4 9. Bxg4 Nxg4 10. h3 Ngf6 11. O-O g5 12. Nf3 g4 13. hxg4 Nxg4 14. e4 dxc4
15. Qxc4 O-O-O 16. g3 Bh6 17. Bxh6 Nxh6 18. Rac1 a6 19. a4 Ng4 20. Kg2 Rhg8 21.
e5 Nb6 22. Qe2 Nd5 23. Qe4 f5 24. exf6 Nge3+ 25. Kh1 Nxf1 26. Qxe6+ Kb8 27.
Nxd5 Nxg3+ 28. fxg3 Qxg3 29. Qe5+ Qxe5 30. Nxe5 Rxd5 31. Rc4 Kc7 32. Kh2 Kd6
33. Kh3 c5 34. Nf3 cxd4 35. Kh4 d3 36. Nd2 Ke6 37. f7 Kxf7 38. Rc7+ Ke8 39. Ne4
Rd4 0-1

[Event "Excaliburs"]
[Site "?"]
[Date "2001.11.08"]
[Round "?"]
[White "Brotsos, Jim"]
[Black "Weitz, Ron"]
[Result "1-0"]
[WhiteElo "1515"]
[BlackElo "1616"]
[PlyCount "87"]
[EventDate "2001.??.??"]

1. e4 c5 2. Nf3 d6 3. c4 Nf6 4. Nc3 g6 5. d4 cxd4 6. Nxd4 Bg7 7. f3 Nbd7 8. Be3
O-O 9. Qd2 Re8 10. Be2 Nf8 11. O-O-O Ne6 12. Kb1 Bd7 13. h4 Nc5 14. h5 Nxh5 15.
g4 Ng3 16. Rh3 Nxe2 17. Ndxe2 e6 18. Qxd6 Bf8 19. Qh2 Qb8 20. Bxc5 Qxh2 21.
Rxh2 Bxc5 22. Rxd7 Rad8 23. Rxb7 Rd2 24. Rb5 Be3 25. b4 Red8 26. Rh1 a6 27. Rb7
Bd4 28. c5 Bxc3 29. Nxc3 Rf2 30. c6 Rdd2 31. c7 Rb2+ 32. Ka1 Rbc2 33. c8=Q+ Kg7
34. g5 $2 (34. Rxf7+ $1 34... Kxf7 35. Rxh7+ Kf6 36. Qh8+ Kg5 37. Qe5#) 34...
Rxf3 35. Rc7 Rff2 36. Qxa6 36... e5 $4 37. Nd5 $2 (37. Qf6+ Kf8 38. Rc8#) 37...
Rcd2 38. Ne3 h5 39. gxh6+ Kh7 40. Qa7 Kh8 41. Rxf7 Rxa2+ 42. Qxa2 Rxa2+ 43.
Kxa2 g5 44. Rd1 1-0

[Event "Case-Chargers"]
[Site "?"]
[Date "2001.11.05"]
[Round "?"]
[White "Fraats, Dan"]
[Black "Warren, Jim"]
[Result "1-0"]
[WhiteElo "1814"]
[BlackElo "2097"]
[PlyCount "39"]
[EventDate "2001.??.??"]

1. e4 c6 2. d4 d5 3. Nd2 dxe4 4. Nxe4 Bf5 5. Ng3 Bg6 6. h4 h6 7. Nf3 Nd7 8. Bd3
Bxd3 9. Qxd3 Ngf6 10. Bd2 e6 11. O-O-O Bd6 12. Rhe1 Qc7 13. Nf5 Rg8 14. Nxd6+
Qxd6 15. Qb3 O-O-O 16. Ne5 Qd5 17. Nxf7 Rdf8 18. c4 Qxd4 19. Be3 Nc5 20. Qc2
1-0

[Event "Case-Chargers"]
[Site "?"]
[Date "2001.11.05"]
[Round "?"]
[White "Satterlee, Duane"]
[Black "Dobrovolny, Chuck"]
[Result "0-1"]
[WhiteElo "1579"]
[BlackElo "1802"]
[PlyCount "128"]
[EventDate "2001.??.??"]

1. f4 Nf6 2. b3 d5 3. e3 c5 4. Bb2 e6 5. Nf3 Bd6 6. Bb5+ Bd7 7. a4 a6 8. Bxd7+
Nbxd7 9. O-O Qc7 10. d3 O-O 11. Nbd2 b5 12. c4 bxc4 13. bxc4 d4 14. exd4 Bxf4
15. dxc5 Ng4 16. g3 Be3+ 17. Kg2 Bxc5 18. Qe2 Ne3+ 19. Kh3 Nxf1 20. Rxf1 Rab8
21. Bc3 Bb4 22. Bd4 Bc5 23. Bc3 Bb4 24. Bd4 Bxd2 25. Nxd2 e5 26. Bc3 f6 27. a5
Nc5 28. d4 $2 28... Qd7+ $2 (28... exd4 $1 29. Bxd4 $2 29... Qd7+ 30. Kg2 Qxd4)
29. Qg4 Qxg4+ 30. Kxg4 exd4 31. Bxd4 Rfc8 32. Rf5 Nd7 33. Rd5 Ne5+ 34. Bxe5
fxe5 35. Rxe5 Rb2 36. Rd5 Ra2 37. Kf5 Rc7 38. Ke6 h6 39. h4 Ra3 40. g4 Re3+ 41.
Kd6 Rc8 42. Kd7 Ree8 43. c5 Red8+ 44. Ke6 Rxd5 45. Kxd5 Rd8+ 46. Kc6 Rxd2 47.
Kb7 Rb2+ 48. Kxa6 Kf7 49. Ka7 Ke7 50. a6 Kd7 51. Ka8 Kc6 52. a7 Kxc5 53. g5
hxg5 54. hxg5 Kd6 55. g6 Ra2 56. Kb7 Ke6 57. a8=Q Rxa8 58. Kxa8 Kf6 59. Kb7
Kxg6 60. Kc6 Kf5 61. Kd5 g5 62. Kd4 Kf4 63. Kd3 Kf3 64. Kd2 Kf2 0-1

[Event "Chargers-Case"]
[Site "?"]
[Date "2001.11.05"]
[Round "?"]
[White "Stamm, Vern"]
[Black "Reid, Carl"]
[Result "1-0"]
[WhiteElo "1451"]
[BlackElo "1521"]
[PlyCount "91"]
[EventDate "2001.??.??"]

1. d4 d5 2. Bf4 e6 3. Nf3 Nf6 4. h3 Be7 5. e3 O-O 6. Bd3 c5 7. c3 c4 8. Bc2
Nbd7 9. O-O Qb6 10. Qc1 Qa5 11. Nbd2 b5 12. a3 Bb7 13. Qb1 Ne4 14. Nxe4 dxe4
15. Bxe4 Bxe4 16. Qxe4 Nf6 17. Qc2 Nh5 18. Bh2 f5 19. Kh1 Nf6 20. Rfd1 Ne4 21.
d5 Qb6 22. dxe6 Qxe6 23. Nd4 Qd5 24. Nf3 Qe6 25. Qe2 a6 26. Nd4 Qg6 27. Rg1 Bh4
28. g3 Be7 29. f3 Nc5 30. g4 fxg4 31. Rxg4 Qf7 32. Rag1 Bf6 33. Qg2 Ra7 34. Bd6
Rc8 35. e4 Ne6 36. e5 Nxd4 37. cxd4 Bd8 38. e6 Qf6 39. Be5 Qh6 40. Bxg7 Qxe6
41. Be5+ Kf8 42. Rg8+ Ke7 43. Rg7+ Ke8 44. Rxa7 Bg5 45. Rxh7 Qh6 46. Rxh6 1-0

[Event "Case-Chargers"]
[Site "?"]
[Date "2001.11.05"]
[Round "?"]
[White "Zoellner, John"]
[Black "Dobr, Karel"]
[Result "1-0"]
[WhiteElo "1424"]
[BlackElo "1419"]
[PlyCount "77"]
[EventDate "2001.??.??"]

1. e4 Nc6 2. Nf3 e5 3. Bc4 d6 4. h3 Na5 5. Bd3 Nf6 6. c3 Be7 7. Bc2 Bd7 8. O-O
O-O 9. d4 exd4 10. cxd4 h6 11. Re1 Re8 12. Qd3 a6 13. Nc3 Nh7 14. e5 Nf8 15. a3
g6 16. Bxh6 Kh7 17. Bxf8 Rxf8 18. e6 Bxe6 19. Rxe6 Qe8 20. Re2 Qd7 21. Rae1
Rae8 22. b4 Nc6 23. Ne4 f5 24. Neg5+ Bxg5 25. Nxg5+ Kh8 26. d5 Rxe2 27. Rxe2
Ne5 28. Qg3 Kg8 29. Ne6 Rf7 30. f4 Qb5 31. Rd2 Qe8 32. fxe5 dxe5 33. Qxg6+ Kh8
34. Bxf5 Qe7 35. Rd3 Rh7 36. Rg3 Qf7 37. Qxh7+ Qxh7 38. Bxh7 Kxh7 39. Kf2 1-0

[Event "Chargers-Case"]
[Site "?"]
[Date "2001.11.05"]
[Round "?"]
[White "LaForge, Wayne"]
[Black "Kanas, Bill"]
[Result "1-0"]
[WhiteElo "1357"]
[BlackElo "1299"]
[PlyCount "89"]
[EventDate "2001.??.??"]

1. f4 d5 2. Nf3 Nf6 3. e3 Nc6 4. Bb5 a6 5. Bxc6+ bxc6 6. b3 c5 7. Bb2 Bb7 8.
O-O e6 9. Qe2 Bd6 10. d3 O-O 11. Nbd2 a5 12. Ne5 Bxe5 13. Bxe5 d4 14. Bxf6 Qxf6
15. e4 Rae8 16. a4 g6 17. Nc4 Ra8 18. Ne5 Qe7 19. Rf3 f5 20. Rg3 fxe4 21. Qg4
Rf6 22. h4 Qe8 23. h5 Kg7 24. hxg6 hxg6 25. Rh3 exd3 26. cxd3 Rf5 27. Rc1 g5
28. Rh5 Qxh5 29. Qxh5 Rg8 30. Qg6+ Kf8 31. Nd7+ Ke7 32. Qxg8 Kxd7 33. Re1 Bd5
34. Qg7+ Kc6 35. Re5 gxf4 36. Rxf5 exf5 37. Qf6+ Kb7 38. Qxf5 Bxb3 39. Qxc5
Bxa4 40. Qxd4 Bc6 41. Qxf4 a4 42. Qb4+ Ka6 43. g4 Bb5 44. d4 c6 45. g5 1-0

[Event "Case-Pawns"]
[Site "?"]
[Date "2001.10.23"]
[Round "?"]
[White "Fraats, Dan"]
[Black "Jakstas, Kaz"]
[Result "0-1"]
[WhiteElo "1814"]
[BlackElo "2121"]
[PlyCount "52"]
[EventDate "2001.??.??"]

1. e4 c5 2. Nf3 Nc6 3. d4 cxd4 4. Nxd4 Nf6 5. Nc3 e5 6. Ndb5 d6 7. Nd5 Nxd5 8.
exd5 Ne7 9. a4 a6 10. Nc3 Ng6 11. Be3 Be7 12. Be2 O-O 13. O-O Bd7 14. Qd2 f5
15. g3 f4 16. gxf4 exf4 17. Bd4 f3 18. Bd3 Bh3 19. Rfe1 Bg5 20. Be3 Bf4 21. Ne4
Be5 22. Ng5 Nf4 23. Nxh3 Nxh3+ 24. Kh1 Qh4 25. Bb6 Bxh2 26. Bf1 Bf4 0-1

[Event "Pawns-Case"]
[Site "?"]
[Date "2001.10.23"]
[Round "?"]
[White "Ellice, Wayne"]
[Black "Klinefelter, H."]
[Result "1-0"]
[WhiteElo "1919"]
[BlackElo "1611"]
[PlyCount "103"]
[EventDate "2001.??.??"]

1. d4 d5 2. c4 e6 3. Nc3 Nf6 4. Bg5 Nbd7 5. e3 Be7 6. cxd5 exd5 7. Bd3 c6 8.
Nf3 O-O 9. O-O Ne8 10. Bxe7 Qxe7 11. Re1 Ndf6 12. Qc2 Nd6 13. e4 dxe4 14. Nxe4
Nfxe4 15. Nd2 Qd8 16. Nxe4 Nxe4 17. Bxe4 g6 18. Rad1 Be6 19. Re3 Bd5 20. b4 Re8
21. Bxd5 Qxd5 22. a3 Re6 23. Qc5 b6 24. Qxd5 cxd5 25. Rxe6 fxe6 26. Rc1 Rf8 27.
f3 Rf7 28. Kf2 Kg7 29. Ke3 Kf6 30. Rc6 Rb7 31. b5 g5 32. f4 gxf4+ 33. Kxf4 Re7
34. g4 h6 35. h4 Kg6 36. Ke5 Kf7 37. g5 hxg5 38. hxg5 Kg6 39. Rxe6+ Rxe6+ 40.
Kxe6 Kxg5 41. Kxd5 Kf4 42. Ke6 Ke4 43. d5 Kd4 44. d6 Kc5 45. a4 Kb4 46. d7 Kxa4
47. d8=Q Kxb5 48. Qd7+ Ka6 49. Qa4+ Kb7 50. Kd6 a5 51. Qb5 Ka7 52. Kc7 1-0